The Tswana

Saved in:
Bibliographic Details
Main Author: Schapera, Isaac 1905-
Other Authors: Comaroff, John L. 1945-
Format: Book
Language:English
Published: London : Kegan Paul International, c1991
Edition:Rev. ed.
Subjects:
Tags: Add Tag
No Tags, Be the first to tag this record!

MARC

LEADER 00000nam a2200000 i 4500
001 1/26544
008 981217s1991 eng d
020 |a 0-7103-0421-8 
035 |l 10037605 
040 |a GR-MY-UA  |b gre  |e aacr 
041 0 |a eng 
082 0 |a 968.0049639775 
100 1 |a Schapera, Isaac  |d 1905- 
245 1 4 |a The Tswana /  |c Isaac Shapera and John L. Comaroff 
250 |a Rev. ed. 
260 |a London :   |b Kegan Paul International,   |c c1991 
300 |a 99 p.  |b tabl. 
504 |a Includes bibliographical references and index 
650 0 0 |a Tswana (African people) 
700 1 |a Comaroff, John L.  |d 1945- 
852 |a INST  |b LESVOS  |e 19981217  |h 968.0049639775 SCH  |p 005100017184  |q 005100017184  |t BK  |y 0 
901 |a BIBL-1999-1 
909 |a Λ  |b 060967 
922 |a 1ΕΛΗ  |b 199811  |c ΚΠΣ/ΤΚ  |d ΠΑΠΑΣΩΤΗΡΙΟΥ 
950 |a 103-1998-07-27